Подготовка горных пород к выемке: учебное пособие для вузов

التفاصيل البيبلوغرافية
المؤلف الرئيسي: Репин Н. Я. Николай Яковлевич
الملخص:Приведены краткие сведения о технологии добычи полезных ископаемых открытым способом. Дана характеристика горных пород и оценка влияния свойств пород на эффективность их подготовки к выемке. Уделено внимание технике и технологии бурения скважин в карьерах, обоснован выбор режимов бурения. Рассмотрены характеристики современных взрывчатых веществ и средств взрывания. Изложены принципы выбора оптимальных параметров буровзрывных работ, базирующегося на учете свойств породного массива. Описаны технологии буровзрывных работ в некоторых специфических условиях карьеров. Даны основные сведения по организации и обеспечению безопасности буровых и взрывных работ. Репин Н.Я. — д-р техн. наук, проф. кафедры «Технология, механизация и организация открытых горных работ» Московского государственного горного университета. Для студентов вузов, обучающихся по специальности «Открытые горные работы» направления подготовки «Горное дело».
اللغة:الروسية
منشور في: Москва, Мир горной книги, 2012
سلاسل:Процессы открытых горных работ Вып. 6
الموضوعات:
التنسيق: كتاب
KOHA link:https://koha.lib.tpu.ru/cgi-bin/koha/opac-detail.pl?biblionumber=219823

MARC

LEADER 00000nam0a2200000 4500
001 219823
005 20231101230304.0
010 |a 9785986723020 
035 |a (RuTPU)RU\TPU\book\239921 
035 |a RU\TPU\book\168187 
090 |a 219823 
100 |a 20090311d2012 m y0rusy50 ca 
101 0 |a rus 
102 |a RU 
105 |a a j 001zy 
200 1 |a Подготовка горных пород к выемке  |e учебное пособие для вузов  |f Н. Я. Репин 
210 |a Москва  |c Мир горной книги  |d 2012 
215 |a 188 с.  |c ил. 
225 1 |a Процессы открытых горных работ  |v Вып. 6 
320 |a Библиогр.: с. 185-186. 
330 |a Приведены краткие сведения о технологии добычи полезных ископаемых открытым способом. Дана характеристика горных пород и оценка влияния свойств пород на эффективность их подготовки к выемке. Уделено внимание технике и технологии бурения скважин в карьерах, обоснован выбор режимов бурения. Рассмотрены характеристики современных взрывчатых веществ и средств взрывания. Изложены принципы выбора оптимальных параметров буровзрывных работ, базирующегося на учете свойств породного массива. Описаны технологии буровзрывных работ в некоторых специфических условиях карьеров. Даны основные сведения по организации и обеспечению безопасности буровых и взрывных работ. Репин Н.Я. — д-р техн. наук, проф. кафедры «Технология, механизация и организация открытых горных работ» Московского государственного горного университета. Для студентов вузов, обучающихся по специальности «Открытые горные работы» направления подготовки «Горное дело». 
606 1 |a Горные работы открытые  |x Геотехнические методы  |2 stltpush  |3 (RuTPU)RU\TPU\subj\8232  |9 35698 
610 1 |a твердые полезные ископаемые 
610 1 |a месторождения 
610 1 |a разработка 
610 1 |a технологические схемы 
610 1 |a мягкие породы 
610 1 |a выемка 
610 1 |a механическое рыхление 
610 1 |a взрыв 
610 1 |a буровые работы 
610 1 |a взрывные работы 
610 1 |a взрывчатые вещества 
610 1 |a буровзрывные работы 
610 1 |a безопасность 
610 1 |a короткозамедленное взрывание 
610 1 |a горное дело 
610 1 |a расчеты 
610 1 |a учебные пособия 
675 |a 622.271(075.8)  |v 3 
700 1 |a Репин  |b Н. Я.  |g Николай Яковлевич 
801 1 |a RU  |b 63413507  |c 20120723 
801 2 |a RU  |b 63413507  |c 20140729  |g RCR 
900 |a Горно-промышленная геология с основами маркшейдерии 
900 |a Горнопромышленная геология 
942 |c BK 
951 |b 130101 
959 |a 107/20120723  |d 2  |e 310,00  |f ЧЗТЛ:1  |f АНЛ:1